000 00650nam a2200181Ia 4500
008 090124s9999 xx 000 0 und d
082 _b12237
100 _aसाधलेे आनंद
245 _a हा जय नावाचा इतिहास आहे
250 _a2
260 _bमॅजेस्टिक बुक स्टॅाल
_c1974
300 _a152
600 _aसाधलेे आनंद
630 _a हा जय नावाचा इतिहास आहे
700 _aसाधलेे आनंद
730 _a हा जय नावाचा इतिहास आहे
942 _cBOOK
999 _c86927
_d86927